000 00630cam a2200193 a 4500
020 _a0821303457 (pbk.)
082 0 0 _a385.1
_bALS
_cD
100 1 _aAlston, Liviu L.
_938344
245 1 0 _aRailways and energy /
_cLiviu L. Alston.
260 _aWashington, D.C., U.S.A. :
_bWorld Bank,
_c1984
300 _a80 p. :
_bill. ;
_c27 cm.
490 1 _aWorld Bank staff working papers ;
500 _aIncludes abstracts in French and Spanish.
526 _a0
_b0
_c0
_d385_100000000000000_ALS
650 0 _aMCE
_9379
650 0 _aRailroads
_xElectrification.
_938345
650 0 _aRailroads
_xEnergy consumption.
_938346
942 _2ddc
_cBK
999 _c542957
_d542957